00286nam a2200085 4500245008700000100002100087260006000108300001600168082001600184 aLife and openions of Tristram shandy gentlemancby Laurence Sterne ( 1713 - 1768 ) aSterne, Laurence aLondon bOxford University Pressc1951[reprinted 1966]  a591p.;15cm. a823.6b STE